Statistics for Ultimate TWD quiz. All deaths s1-11

Click here to take the quiz!

General Stats

  • This quiz has been taken 65 times
    (61 since last reset)
  • The average score is 52 of 150

Answer Stats

DiedKiller% Correct
EdWalker
100%
JimWalker
98%
AmyWalker
98%
TS-19Walker
88%
SophiaWalker
79%
ShaneRick
74%
OtisShane
74%
T-DogWalker
71%
LoriCarl
69%
JimmyWalker
69%
PatriciaWalker
69%
RandallShane
60%
HershelGovernor
57%
DaveRick
57%
TonyRick
57%
DaleDaryl
55%
MerleGovernor
55%
JennerJenner
55%
TaraAlpha
52%
LizzieCarol
52%
MiltonGovernor
52%
JacquiJenner
52%
AbrahamNegan
52%
GlennNegan
52%
DuaneWalker
52%
EnidAlpha
50%
HenryAlpha
50%
MikaLizzie
50%
JessieWalker
50%
AndreaAndrea
48%
DawnDaryl
48%
BethDawn
48%
AxelGovernor
48%
SamWalker
48%
LillyWalker
48%
CarlCarl
45%
KarenCarol
45%
DavidCarol
45%
DeniseDwight
45%
TomasRick
45%
RositaWalker
45%
SpencerNegan
43%
TammyAlpha
40%
RodneyAlpha
40%
RoseAlpha
40%
AdieAlpha
40%
SashaEugene
40%
MartinezGovernor
40%
GovernorLilly
40%
RonMichonne
40%
AlphaNegan
40%
PeteRick
40%
DeannaWalker
40%
ShivaWalker
40%
OzzyAlpha
38%
AlexAlpha
38%
DJAlpha
38%
FrankieAlpha
38%
BetaDaryl
38%
Dr E CarsonNegan
38%
NoahNicholas
38%
JoeRick
38%
Big tinyTomas
38%
JesusWhisperer
38%
FrankAlpha
36%
SiddiqDante
36%
MoralesDaryl
36%
MeghanGovernor
36%
LucilleLucille
36%
GregoryMaggie
36%
NicholasNicholas
36%
GarethRick
36%
LeahDaryl
33%
DanteGabriel
33%
SimonNegan
33%
RegPete
33%
JulesWalker
33%
AidenWalker
33%
LukeWalker
33%
OliviaArat
31%
Fat joeDaryl
31%
AndrewOscar
31%
DanRick
31%
ScavengersSimon
31%
ShumpertWalker
29%
GammaBeta
26%
PaulaCarol
26%
RyanCarol
26%
PopeLeah
26%
GargulioMerle
26%
EastmanMorgan
26%
Bob LamsonRick
26%
LanceCarol
24%
MaryCarol
24%
SebastianEugene
24%
GavinHenry
24%
CarverMaggie
24%
RichardMorgan
24%
GreggAbraham
21%
MitchDaryl
21%
ToddDaryl
21%
MollyMaggie
21%
DavidNegan
21%
DuncanReaper
21%
MartinSasha
21%
Bob StookeyTyreese
21%
OwenCarol
19%
EarlEarl
19%
JensenGabriel
19%
BenjaminJared
19%
AldenReaper
19%
LouRick
19%
PrimoRick
19%
AgathaWalker
19%
BeatriceWalker
19%
LauraBeta
17%
JedCarol
17%
ReginaCarol
17%
ClaraClara
17%
AratCyndie
17%
BudDaryl
17%
NataniaEnid
17%
PatrickFlu
17%
ManceaGabriel
17%
MaysGabriel
17%
GageGage
17%
GuntherJerry
17%
JaredMorgan
17%
CravenNegan
17%
FrostPope
17%
EthanRick
17%
YagoRick
17%
ReillyRick
17%
CalebFlu
14%
MarcoLeah
14%
OscarMaggie
14%
TyreeseMichonne
14%
JocelynMichonne
14%
BrandonNegan
14%
KenWalker
14%
MiloBrandon
12%
LeoRosita
12%
WardenRosita
12%
EricSaviour
12%
DanielSaviour
12%
TobinSaviour
12%
TobyAaron
10%
JustinBeatrice
10%
AprilRosita
10%
Dr H CarsonSaviour
10%

Score Distribution

Percentile by Number Answered

Percent of People with Each Score

Your Score History

You have not taken this quiz since the last reset